000
00302pam a2200133 a 4500
020
_c
041
_a
eng
082
_a
574.5
_b
THO
100
_a
Thomas Smith .
245
_a
Elements Of Ecology
_h
Textual Documents
260
_a
New Delhi
_b
Pearson Education
_c
2007
300
_a
I 22p.
930
_a
18361
999
_c
95261
_d
95261